01188naa a22003017a 4500001001000000003000900010005001700019007000300036008003400039040005400073041000900127072002000136090001800156100001800174100001600192111007700208245010400285260004000389500011200429650001000541650001400551650001000565773010900575909003600684942001400720999001900734952013300753BR9603869BR-BrBNA20240918181528.0ta230509b bl.||||| |||| 00| 0 por d aBR-BrBNAbporcBiblioteca Nacional de Agricultura a(Pt) aH10b0312b4020 aH10 BR96038691 aMoura, J.I.L.1 aCosta, E.C.1 a5. Congresso Florestal EstadualcNova Prata, RS (Brazil)d17-22 Sep 19841 aArtropodes associados ao dendezeiro (Elaeis guineensis, Jacquin 1763)no Territorio Federal do Amapa3 aPorto Alegre, RS (Brasil): c1984.  aAnais. 5. Congresso Estadual Florestal. V. 2 Porto Alegre, RS (Brasil): 1984. p. 255-264 (BR9603869-AM)H10  aDende aArtropoda aAmapa0 tAnais. 5. Congresso Estadual Florestal. V. 2wH10 BR9603869gPorto Alegre, RS (Brasil), 1984. p. 255-264 a202404bLuciac55dLucia Elande cAM2AGRIS c325688d325688 002AGRIS40708Acervo Gerala41918b41918cAgrobasel0r2024-05-20t01yAM10d2024-04-11ePortaria Interministerial nÂș 164/94